<?xml version="1.0" encoding="UTF-8"?>
<record
    xmlns:xsi="http://www.w3.org/2001/XMLSchema-instance"
    xsi:schemaLocation="http://www.loc.gov/MARC21/slim http://www.loc.gov/standards/marcxml/schema/MARC21slim.xsd"
    xmlns="http://www.loc.gov/MARC21/slim">

  <leader>01404nam a2200205 a 4500</leader>
  <controlfield tag="008">190916s2015    a  ||||gr|||| 000 1 s   d</controlfield>
  <datafield tag="020" ind1=" " ind2=" ">
    <subfield code="a">9789504936688</subfield>
  </datafield>
  <datafield tag="041" ind1=" " ind2=" ">
    <subfield code="a">spa</subfield>
  </datafield>
  <datafield tag="092" ind1=" " ind2=" ">
    <subfield code="c">808</subfield>
    <subfield code="l">26</subfield>
    <subfield code="s">FON</subfield>
  </datafield>
  <datafield tag="100" ind1="1" ind2=" ">
    <subfield code="a">Fontanarrosa, Roberto.</subfield>
    <subfield code="9">4089</subfield>
  </datafield>
  <datafield tag="245" ind1="3" ind2=" ">
    <subfield code="a">La gansada.</subfield>
    <subfield code="b">Novela /</subfield>
    <subfield code="c">Roberto Fontanarrosa</subfield>
  </datafield>
  <datafield tag="250" ind1=" " ind2=" ">
    <subfield code="a">2a ed.</subfield>
  </datafield>
  <datafield tag="260" ind1=" " ind2=" ">
    <subfield code="a">Buenos Aires:</subfield>
    <subfield code="b">Planeta;</subfield>
    <subfield code="c">2015.</subfield>
  </datafield>
  <datafield tag="300" ind1=" " ind2=" ">
    <subfield code="a">320 p.</subfield>
    <subfield code="b">21x13cm</subfield>
  </datafield>
  <datafield tag="500" ind1=" " ind2=" ">
    <subfield code="a">Fontanarrosa, R. (2015). La gansada. Novela. (2a ed.). Buenos Aires : Planeta.</subfield>
  </datafield>
  <datafield tag="505" ind1=" " ind2=" ">
    <subfield code="a">"Amapola Vanderhoeven sinti&#xF3; el fr&#xED;o del ambiente en el rostro, como una bofetada. Nunca le hab&#xED;an pegado, aunque m&#xE1;s de una vez se lo mereciese, y su primer reacci&#xF3;n fue de enojo. Luego se aquiet&#xF3;, comprendiendo que la naturaleza misma de la morgue requer&#xED;a de esa particularidad clim&#xE1;tica". Esteban debe operar en Jap&#xF3;n a su madre. Cuando la bella y rica Amapola Vanderhoeven recibe la noticia de la presunta muerte de su marido, Esteban encuentra el modo de solventar la operaci&#xF3;n. Simular&#xE1; amar a Amapola aunque en realidad ame a Mar&#xED;a, una obrera de la curtiembre de pieles de cerdo, que es la base de la fortuna de los Vanderhoeven. Un incendio en "La Gansada", la casa de veraneo de la familia, dar&#xE1; lugar a la tormenta que se desarrollar&#xE1; entre los habitantes de la mansi&#xF3;n.  </subfield>
  </datafield>
  <datafield tag="590" ind1=" " ind2=" ">
    <subfield code="a">Donaci&#xF3;n septiembre 2019.</subfield>
  </datafield>
  <datafield tag="655" ind1=" " ind2=" ">
    <subfield code="a">Literatura</subfield>
    <subfield code="9">2917</subfield>
  </datafield>
  <datafield tag="942" ind1=" " ind2=" ">
    <subfield code="2">ddc</subfield>
    <subfield code="c">LIT</subfield>
  </datafield>
  <datafield tag="999" ind1=" " ind2=" ">
    <subfield code="c">3041</subfield>
    <subfield code="d">3041</subfield>
  </datafield>
  <datafield tag="952" ind1=" " ind2=" ">
    <subfield code="0">0</subfield>
    <subfield code="1">0</subfield>
    <subfield code="2">ddc</subfield>
    <subfield code="4">0</subfield>
    <subfield code="7">0</subfield>
    <subfield code="a">BFM</subfield>
    <subfield code="b">BFM</subfield>
    <subfield code="c">CR</subfield>
    <subfield code="d">2019-09-16</subfield>
    <subfield code="e">Donaci&#xF3;n septiembre 2019.</subfield>
    <subfield code="l">0</subfield>
    <subfield code="o">808 26 FON</subfield>
    <subfield code="p">4574</subfield>
    <subfield code="r">2019-09-16</subfield>
    <subfield code="t">Ej. 1</subfield>
    <subfield code="w">2019-09-16</subfield>
    <subfield code="y">LIT</subfield>
    <subfield code="z">Proyecto 4to libro Donaci&#xF3;n . Septiembre 2019.</subfield>
  </datafield>
</record>
